000 00841nam a22002417a 4500
003 UA-OsUOA
001 41985
007 ta
008 20081114b un ||||| |||| 00| 0 ukr d
100 _aНедужко Ю.В.
090 _a94(477)
_bН42
942 _cBK
040 _aUA-OsUOA
_bukr
_cUA-OsUOA
_dUA-OsUOA
245 _aЄвропейські політичні процеси та перспективи відродження незалежної демократичної України в працях Президента УНР в екзилі Миколи Лівицького
300 _a64 с.
955 _a1
041 _aukr
080 _a94(477)
260 _aЛуцьк
_c2004
250 _nНаукове видання
650 7 _a9 Географія. Біографії. Історія
_2UDC
999 _c440485
_d440485